| 000 | 00716nam a2200205 a 4500 | ||
|---|---|---|---|
| 005 | 20240925064146.0 | ||
| 008 | 991125s1940 fr 000 0 fre u | ||
| 035 | _aUPN01000019530 | ||
| 049 | _aCG | ||
| 050 | 4 |
_aBF721 _bL4.3 |
|
| 100 | 1 | _aLedent, René | |
| 245 | 1 | 0 |
_aEnfants difficiles parents perplexes / _cRené Ledent et Lucien Wellens. |
| 260 |
_aLiége : _bVaillant-Carmann, _c[1940?]. |
||
| 300 |
_a215, 71 p. : _bil. |
||
| 501 | _aEncuadernado con: L'education de l'enfant difficile / Julia Bert et Werner Pache. -- París : Presses Universitaires de France, 1939 | ||
| 650 | 4 |
_aEducación de niños _95387 |
|
| 650 | 4 |
_aNiño, Estudio del _9221 |
|
| 700 | 1 |
_aWellens, Lucien, _ecoaut. |
|
| 905 | _aLibro | ||
| 999 |
_c19530 _d19530 |
||